Introduksiyon sa pamamahayag/ (Record no. 8490)

MARC details
000 -LEADER
fixed length control field 00826nam a22002537a 4500
003 - CONTROL NUMBER IDENTIFIER
control field OSt
005 - DATE AND TIME OF LATEST TRANSACTION
control field 20260223023105.0
008 - FIXED-LENGTH DATA ELEMENTS--GENERAL INFORMATION
fixed length control field 260223b |||||||| |||| 00| 0 eng d
020 ## - INTERNATIONAL STANDARD BOOK NUMBER
International Standard Book Number 978-621-04-5161-0
040 ## - CATALOGING SOURCE
Original cataloging agency DWC-Main lib
Transcribing agency OC
082 ## - DEWEY DECIMAL CLASSIFICATION NUMBER
Edition number First edition
Classification number Fil. 070.4 IN61 2025
100 ## - MAIN ENTRY--PERSONAL NAME
Personal name Bendalan, Nilda B.
245 ## - TITLE STATEMENT
Title Introduksiyon sa pamamahayag/
Statement of responsibility, etc. Nilda B. Bendalan
250 ## - EDITION STATEMENT
Edition statement First edition
260 ## - PUBLICATION, DISTRIBUTION, ETC.
Place of publication, distribution, etc. Manila, Philippines:
Name of publisher, distributor, etc. Rex Book Store,
Date of publication, distribution, etc. c2025.
300 ## - PHYSICAL DESCRIPTION
Extent xi, 106 pages:
Other physical details illustrations;
Dimensions 25 cm.
504 ## - BIBLIOGRAPHY, ETC. NOTE
Bibliography, etc. note Includes bibliographical references and index.
650 ## - SUBJECT ADDED ENTRY--TOPICAL TERM
Topical term or geographic name entry element 1. Journalism.
700 ## - ADDED ENTRY--PERSONAL NAME
Personal name Juanita C. Berong
700 ## - ADDED ENTRY--PERSONAL NAME
Personal name Vilma A. Dumpayan
700 ## - ADDED ENTRY--PERSONAL NAME
Personal name Jennifer M. Fernandez
700 ## - ADDED ENTRY--PERSONAL NAME
Personal name Clemencia D. Lozano
942 ## - ADDED ENTRY ELEMENTS (KOHA)
Source of classification or shelving scheme Dewey Decimal Classification
Koha item type Book-Filipiniana
Edition First edition
Call number prefix Fil.
Suppress in OPAC No
952 ## - LOCATION AND ITEM INFORMATION (KOHA)
--
Holdings
Withdrawn status Lost status Source of classification or shelving scheme Damaged status Not for loan Home library Current library Shelving location Date acquired Source of acquisition Cost, normal purchase price Total Checkouts Full call number Barcode Date last seen Copy number Price effective from Koha item type Uniform Resource Identifier
    Dewey Decimal Classification     College Library College Library Filipiniana 06/30/2026 School Fund 650.00   Fil. 070.4 IN61 2025 CL54595 02/23/2026 c1 02/23/2026 BK - FIL